[Event "Eastern Asia zt 3.3 (Women)"]
[Site "Ulaanbaatar"]
[Date "2025.04.29"]
[Round "7"]
[White "Bayarmaa, Bayarjargal"]
[Black "Herfesa, Shafira Devi"]
[Result "1/2-1/2"]
[WhiteElo "2091"]
[BlackElo "1983"]
[PlyCount "150"]
[EventDate "2025.04.23"]
[EventType "swiss"]
[EventRounds "9"]
[EventCountry "MGL"]
[SourceTitle "CB20_2025"]
[SourceDate "2025.05.14"]
[SourceVersion "1"]
[SourceVersionDate "2025.05.14"]
[SourceQuality "1"]

1. d4 d5 2. c4 c6 3. Nf3 Nf6 4. Qb3 Qb6 5. Nc3 dxc4 6. Qxc4 Bf5 7. g3 h6 8. Bg2 e6 9. 0-0 Nbd7 10. a3 a5 11. e3 Be7 12. Qe2 0-0 13. e4 Bh7 14. Rd1 Rfe8 15. Ne5 Rad8 16. Be3 Nb8 17. Rac1 Nfd7 18. d5 Qa6 19. Qxa6 Nxa6 20. Nxd7 Rxd7 21. dxc6 Rxd1+ 22. Nxd1 bxc6 23. Rxc6 Rd8 24. Nc3 Nb8 25. Rc7 Bf6 26. f4 g5 27. Rc5 gxf4 28. gxf4 Rd3 29. Kf2 Kg7 30. Ke2 Rd7 31. Rxa5 Nc6 32. Ra6 Nd4+ 33. Bxd4 Bxd4 34. Rc6 Bg1 35. Bf1 Bg6 36. h3 Bh5+ 37. Ke1 Be3 38. Be2 Bg6 39. Rc4 Bxf4 40. Nb1 f5 41. Nc3 Bc1 42. Nd1 Bd2+ 43. Kf2 fxe4 44. a4 e5 45. b4 e3+ 46. Kg1 Bf7 47. Re4 Bd5 48. Rg4+ Kf6 49. Rg3 Bxb4 50. Nxe3 Bc5 51. Kf1 Bc6 52. Ng4+ Ke6 53. Nxh6 Kd5 54. a5 Rh7 55. Rg6 Be3 56. Ng4 Rf7+ 57. Kg2 Bf4 58. Bf3+ e4 59. Bxe4+ Kxe4 60. Rxc6 Ra7 61. a6 Kd5 62. Rf6 Bd6 63. Ne3+ Ke5 64. Ng4+ Kd5 65. Rf5+ Kc4 66. Ra5 Bb4 67. Ne5+ Kb3 68. Nc6 Rg7+ 69. Kf3 Bxa5 70. Nxa5+ Ka4 71. Nc6 Rg8 72. a7 Kb5 73. Ke4 Kb6 74. Kd5 Kb5 75. Ke4 Ra8 1/2-1/2